Estadísticas para Estados de México Prueba

Haz click aquí para tomar la prueba!

Estadísticas generales

  • Esta prueba ha sido tomada 5,129 veces
  • La puntuación promedio es 24 de 31

Estadísticas de respuestas

Estado % Correcto
Baja California
95%
Yucatán
89%
México
87%
Chihuahua
87%
Baja California Sur
85%
Veracruz
85%
Chiapas
84%
Oaxaca
84%
Sonora
83%
Sinaloa
83%
Jalisco
83%
Puebla
82%
Quintana Roo
82%
Nuevo León
81%
Guerrero
78%
Durango
76%
Tamaulipas
75%
Aguascalientes
75%
Zacatecas
74%
Tabasco
73%
Nayarit
72%
Michoacán
72%
San Luis Potosí
72%
Guanajuato
72%
Coahuila
72%
Querétaro
70%
Hidalgo
70%
Campeche
69%
Morelos
69%
Colima
68%
Tlaxcala
63%

Distribución de puntuación

Porcentaje por número respondido

Porcentaje de gente con cada puntuación

Historial de tus puntuaciones

No has tomado esta prueba